Shaikshik parimapan aru mulyayan (Record no. 9093)

MARC details
000 -LEADER
fixed length control field 00560cam a2200205ua 4500
008 - FIXED-LENGTH DATA ELEMENTS--GENERAL INFORMATION
fixed length control field 170329n ii |||gr||||Z||||||asm
020 ## - INTERNATIONAL STANDARD BOOK NUMBER
International Standard Book Number 9789382283362
040 ## - CATALOGING SOURCE
Transcribing agency MAIN
041 ## - LANGUAGE CODE
-- asm
082 ## - DEWEY DECIMAL CLASSIFICATION NUMBER
Classification number 371.26
100 ## - MAIN ENTRY--PERSONAL NAME
Personal name Hatibaruah, Monsoon,
Relator term
245 ## - TITLE STATEMENT
Title Shaikshik parimapan aru mulyayan
Statement of responsibility, etc. By Monsoon Hatibaruah
250 ## - EDITION STATEMENT
Edition statement 1st ed.
260 ## - PUBLICATION, DISTRIBUTION, ETC.
Place of publication, distribution, etc. Dibrugarh:
Name of publisher, distributor, etc. Kaustubh,
Date of publication, distribution, etc. 2013.
300 ## - PHYSICAL DESCRIPTION
Extent 160p.
942 ## - ADDED ENTRY ELEMENTS (KOHA)
Koha item type Books
653 ## - INDEX TERM--UNCONTROLLED
Uncontrolled term Schools & their activities special education
653 ## - INDEX TERM--UNCONTROLLED
Uncontrolled term Educational measurement and evaluation
Holdings
Withdrawn status Lost status Damaged status Not for loan Home library Current library Shelving location Date acquired Total Checkouts Full call number Barcode Date last seen Copy number Price effective from Koha item type Date last checked out
        Central Library, Naharkatiya College Central Library, Naharkatiya College General Stacks 19/09/2020   371.26oHAT 23627 19/09/2020 1 19/09/2020 Books  
        Central Library, Naharkatiya College Central Library, Naharkatiya College General Stacks 19/09/2020   371.26oHAT 23628 19/09/2020 2 19/09/2020 Books  
        Central Library, Naharkatiya College Central Library, Naharkatiya College General Stacks 19/09/2020   371.26oHAT 23629 19/09/2020 3 19/09/2020 Books  
        Central Library, Naharkatiya College Central Library, Naharkatiya College General Stacks 19/09/2020 1 371.26oHAT 23630 29/08/2023 4 19/09/2020 Books 22/08/2023

Naharkatiya College © 2020. All rights reserved.

Powered By